Wszystkie miasta w Polsce powyżej 25 tysięcy mieszkańców - Statystyki

Ogólne statystyki
  • Ten quiz został rozwiązany 514 razy
  • Średni wynik to 114 z 172
Statystyki odpowiedzi
Województwo Miasto L. Mieszkańców % Poprawnych
Mazowieckie Warszawa 1 861 644
98%
Pomorskie Gdańsk 486 492
96%
Pomorskie Gdynia 242 141
96%
Małopolskie Kraków 804 237
96%
Lubelskie Lublin 330 447
96%
Wielkopolskie Poznań 540 146
96%
Dolnośląskie Wrocław 674 132
96%
Śląskie Katowice 279 119
95%
Łódzkie Łódź 655 279
95%
Zachodnio-Pomorskie Szczecin 390 278
94%
Kujawsko-Pomorskie Bydgoszcz 328 370
93%
Kujawsko-Pomorskie Toruń 195 263
93%
Podlaskie Białystok 292 058
92%
Opolskie Opole 126 300
92%
Warmińsko-Mazurskie Olsztyn 167 844
91%
Podkarpackie Rzeszów 197 536
91%
Mazowieckie Radom 196 928
90%
Lubuskie Zielona Góra 139 132
90%
Śląskie Częstochowa 207 117
89%
Lubuskie Gorzów Wielkopolski 115 847
89%
Świętokrzyskie Kielce 183 147
89%
Warmińsko-Mazurskie Elbląg 113 195
88%
Śląskie Zabrze 154 642
87%
Śląskie Gliwice 170 457
86%
Małopolskie Tarnów 103 515
86%
Śląskie Bytom 148 687
85%
Zachodnio-Pomorskie Koszalin 105 905
85%
Mazowieckie Płock 111 927
85%
Śląskie Sosnowiec 188 151
85%
Podlaskie Suwałki 68 436
85%
Dolnośląskie Wałbrzych 101 082
84%
Śląskie Bielsko-Biała 166 189
83%
Kujawsko-Pomorskie Włocławek 101 450
83%
Wielkopolskie Kalisz 93 681
82%
Warmińsko-Mazurskie Ełk 59 942
81%
Śląskie Rybnik 131 323
81%
Śląskie Chorzów 101 184
80%
Dolnośląskie Legnica 92 568
80%
Śląskie Tychy 122 605
80%
Ślaskie Dąbrowa Górnicza 114 148
79%
Dolnośląskie Jelenia Góra 75 429
79%
Wielkopolskie Konin 67 596
79%
Dolnośląskie Lubin 68 016
79%
Małopolskie Nowy Sącz 80 446
79%
Kujawsko-Pomorskie Inowrocław 67 745
78%
Wielkopolskie Piła 70 361
78%
Podkarpackie Przemyśl 56 466
78%
Pomorskie Sopot 32 115
78%
Lubelskie Zamość 58 685
78%
Zachodnio-Pomorskie Kołobrzeg 43 614
77%
Podlaskie Łomża 59 965
77%
Mazowieckie Siedlce 75 502
77%
Pomorskie Słupsk 86 027
77%
Kujawsko-Pomorskie Grudziądz 89 081
76%
Łódzkie Piotrków Trybunalski 66 901
76%
Ślaskie Ruda Śląska 131 062
76%
Lubelskie Chełm 57 576
75%
Wielkopolskie Ostrów wielkopolski 69 477
74%
Mazowieckie Pruszków 65 388
74%
Zachodnio-Pomorskie Stargard 66 816
74%
Małopolskie Zakopane 25 266
74%
Wielkopolskie Gniezno 63 932
73%
Wielkopolskie Leszno 60 313
73%
Podkarpackie Krosno 44 198
72%
Świętokrzyskie Ostrowiec Świętokrzyski 62 471
72%
Pomorskie Wejherowo 46 271
72%
Łódzkie Bełchatów 52 567
71%
Lubelskie Biała Podlaska 54 581
71%
Śląskie Jaworzno 87 166
71%
Opolskie Kędzierzyn-Koźle 54 847
71%
Zachodnio-Pomorskie Świnoujscie 39 189
71%
Pomorskie Tczew 57 218
71%
Podkarpackie Mielec 57 121
70%
Mazowieckie Ostrołęka 48 471
70%
Dolnośląskie Głogów 62 533
69%
Lubelskie Puławy 44 171
69%
Śląskie Żory 61 793
69%
Śląskie Jastrzębie-Zdrój 82 788
68%
Pomorskie Malbork 36 938
68%
Śląskie Mysłowice 71 473
68%
Opolskie Nysa 40 987
68%
Pomorskie Rumia 52 931
68%
Łódzkie Skierniewice 45 403
68%
Śląskie Tarnowskie Góry 61 389
68%
Łódzkie Tomaszów Mazowiecki 57 728
68%
Łódzkie Zgierz 53 763
68%
Podkarpackie Stalowa wola 55 500
67%
Podkarpackie Tarnobrzeg 44 012
67%
Mazowieckie Legionowo 52 686
66%
Łódzkie Pabianice 60 929
66%
Podkarpackie Sanok 34 504
66%
Śląskie Siemianowice Śląskie 63 657
66%
Pomorskie Starogard Gdański 45 437
66%
Dolnośląskie Świdnica 53 157
65%
Mazowieckie Otwock 43 986
64%
Mazowieckie Piaseczno 51 985
64%
Śląskie Racibórz 49 883
64%
Małopolskie Nowy Targ 33 049
63%
Śląskie Zawiercie 46 433
63%
Podlaskie Augustów 29 108
62%
Podkarpackie Dębica 43 086
62%
Małopolskie Oświecim 35 806
62%
Śląskie Będzin 54 061
61%
Warmińsko-Mazurskie Iława 32 245
61%
Śląskie Piekary Śląskie 51 876
61%
Łódzkie Kutno 41 009
60%
Łódzkie Radomsko 43 216
60%
Świętokrzyskie Starachowice 44 699
60%
Lubuskie Żary 35 033
60%
Podkarpackie Jasło 32 936
59%
Pomorskie Reda 28 588
59%
Pomorskie Chojnice 38 789
58%
Śląskie Cieszyn 33 087
58%
Śląskie Świętochłowice 45 644
58%
Zachodnio-Pomorskie Szczecinek 37 701
58%
Śląskie Wodzisław Śląski 44 982
58%
Opolskie Brzeg 33 599
57%
Zachodnio-Pomorskie Police 29 827
57%
Mazowieckie Mińsk Mazowiecki 39 979
56%
Lubuskie Nowa Sól 36 183
56%
Dolnośląskie Oława 33 183
56%
Dolnośląskie Oleśnica 35 210
56%
Świętokrzyskie Skarżysko-Kamienna 41 498
56%
Małopolskie Wieliczka 27 506
56%
Mazowieckie Ząbki 45 189
56%
Śląskie Żywiec 29 723
56%
Mazowieckie Grodzisk Mazowiecki 34 589
55%
Warmińsko-Mazurskie Ostróda 31 432
55%
Łódzkie Sieradz 38 960
54%
Dolnośląskie Zgorzelec 29 109
54%
Mazowieckie Żyrardów 38 621
54%
Mazowieckie Ciechanów 41 848
53%
Łódzkie Łowicz 26 099
53%
Mazowieckie Marki 44 882
53%
Lubelskie Świdnik 36 806
53%
Podkarpackie Jarosław 35 475
52%
Mazowieckie Mława 30 810
52%
Małopolskie Olkusz 32 467
52%
Mazowieckie Wołomin 35 739
52%
Dolnośląskie Bolesławiec 37 160
51%
Warmińsko-Mazurskie Giżycko 27 438
51%
Łódzkie Zduńska Wola 38 650
51%
Małopolskie Bochnia 28 572
50%
Pomorskie Kwidzyn 37 011
50%
Pomorskie Lębork 34 081
50%
Śląskie Mikołów 41 479
50%
Śląskie Myszków 29 560
48%
Mazowieckie Nowy dwór Mazowiecki 28 533
48%
Wielkopolskie Września 31 769
48%
Lubelskie Kraśnik 31 500
47%
Śląskie Pszczyna 25 177
47%
Wielkopolskie Jarocin 26 316
46%
Mazowieckie Sochaczew 33 587
46%
Małopolskie Chrzanów 34 129
45%
Śląskie Czechowice-Dziedzice 34 862
45%
Warmińsko-Mazurskie Kętrzyn 25 296
44%
Pomorskie Pruszcz Gdański 32 093
44%
Dolnośląskie Dzierżoniów 30 822
43%
Śląskie Czeladź 29 981
42%
Wielkopolskie Swarzędz 28 392
42%
Lubelskie Łuków 27 303
41%
Wielkopolskie Śrem 28 060
41%
Małopolskie Gorlice 25 682
40%
Wielkopolskie Luboń 32 801
40%
Mazowieckie Wyszków 26 042
40%
Kujawsko-Pomorskie Brodnica 28 370
38%
Śląskie Knurów 35 739
36%
Wielkopolskie Krotoszyn 28 231
36%
Wielkopolskie Wągrowiec 25 409
32%
Dolnośląskie Bielawa 28 181
31%
Śląskie Czerwionka-Leszczyny 26 614
28%
Mazowieckie Kobyłka 28 147
22%
Nie znaleziono quizów pasujących do podanych kryteriów
Rozkład punktacji
Procent ludzi z każdym wynikiem
Percentyl według liczby udzielonych odpowiedzi
Twoja historia wyników
Nie rozwiązałeś tego quizu